Goldilocks and the three bears. (Record no. 111330)
[ view plain ]
| 000 -LEADER | |
|---|---|
| fixed length control field | 00321nam a2200121 a 4500 |
| 005 - DATE AND TIME OF LATEST TRANSACTION | |
| control field | 20140414131913.0 |
| 008 - FIXED-LENGTH DATA ELEMENTS--GENERAL INFORMATION | |
| fixed length control field | 101014s19uu xx 00 eng d |
| 050 ## - LIBRARY OF CONGRESS CALL NUMBER | |
| Classification number | ER |
| Item number | G54 1980 |
| 100 ## - MAIN ENTRY--PERSONAL NAME | |
| Personal name | Robinson, Ian |
| 245 ## - TITLE STATEMENT | |
| Title | Goldilocks and the three bears. |
| 260 ## - PUBLICATION, DISTRIBUTION, ETC. (IMPRINT) | |
| Name of publisher, distributor, etc | Award publications, |
| Place of publication, distribution, etc | London : |
| Date of publication, distribution, etc | 1980. |
| Withdrawn status | Lost status | Damaged status | Home library | Current library | Shelving location | Date acquired | Total Checkouts | Full call number | Barcode | Date last seen | Price effective from | Koha item type |
|---|---|---|---|---|---|---|---|---|---|---|---|---|
| Munich Library | Munich Library | Easy Reading Section | 10/14/2010 | ER G54 1980 | M2006 | 04/14/2014 | 04/14/2014 | Books |